000
00348nam a2200157Ia 4500
003
OSt
005
20240131104159.0
008
170524s9999 xx 000 0 und d
020
_a
978-8171947379
040
_c
IIMT UNIVERSITY
100
_a
Sarangi - P.
100
_c
2010
245
0
_a
Research Methodology
260
_a
TAXMAN
942
_2
ddc
_c
01
999
_c
2483
_d
2483